Domluvíme se v osmi jazycích rusky, anglicky, německy, francouzsky, srbochorvatsky, italsky, maďarsky a česky

Saved in:
Bibliographic Details
Format: Book
Language:Czech
Published: Praha Merkur 1985
Tags: Add Tag
No Tags, Be the first to tag this record!

MARC

LEADER 00000nam a2200000 4500
001 c105327
005 20041019155134.3
041 0 |a cze 
044 |a CZ 
245 1 0 |a Domluvíme se v osmi jazycích  |b rusky, anglicky, německy, francouzsky, srbochorvatsky, italsky, maďarsky a česky 
264 1 |a Praha  |b Merkur  |c 1985 
300 |a 203 s.